[Event "AUTO-ELITE-1853"]
[Site "http://www.queenalice.com/game.php?id=1487170"]
[Date "2017.7.24"]
[Round "1"]
[White "hatu"]
[Black "etuz"]
[Result "1-0"]
[WhiteElo "2263"]
[BlackElo "2283"]

1. e4 c5 2. Nf3 d6 3. d4 cxd4 4. Nxd4 Nf6 5. Nc3 a6 6. Bg5 e6 7. f4 Be7 8. Qf3
Qc7 9. O-O-O Nbd7 10. g4 b5 11. a3 Bb7 12. Bxf6 Nxf6 13. g5 Nd7 14. Bh3 Qc4 15.
Bg4 g6 16. Kb1 Nb6 17. Qg3 h5 18. Be2 Qc5 19. Rhf1 h4 20. Qh3 Qc8 21. Bg4 Nc4
22. f5 exf5 23. exf5 Ne5 24. Rfe1 Qc4 25. f6 Bxf6 26. gxf6 Rg8 27. Rxe5+ dxe5
28. Bd7+ Kd8 29. Bc6 Bxc6 30. Nxc6+ Kc7 31. Qd7+ Kb6 32. Ne7 Rgc8 33. Ned5+ Qxd5
34. Nxd5+ Ka5 35. b4+ Ka4 36. Qh3 Rc3 37. Nb6+ Kxa3 38. Qxc3# 1-0

[Event "AUTO-ELITE-1853"]
[Site "http://www.queenalice.com/game.php?id=1487177"]
[Date "2017.7.24"]
[Round "1"]
[White "hatu"]
[Black "Lamorteoscura77"]
[Result "1-0"]
[WhiteElo "2247"]
[BlackElo "2183"]

1. e4 c5 2. Nf3 e6 3. d4 cxd4 4. Nxd4 a6 5. g3 b5 6. Bg2 Bb7 7. O-O Qc7 8. Re1
Nc6 9. Nc3 Bc5 10. Nb3 Ba7 11. e5 Nge7 12. Ne4 O-O 13. Qd6 Qxd6 14. Nxd6 Rab8
15. Be3 Bxe3 16. Rxe3 Nc8 17. Nc5 Nxd6 18. exd6 Rfd8 19. a4 b4 20. Bxc6 Bxc6 21.
Nxa6 Rb6 22. Nc7 Bb7 23. Rd3 Be4 24. Rd4 Bxc2 25. a5 Rb7 26. a6 Ra7 27. Nb5 Raa8
28. a7 f5 29. Nc7 Be4 30. Nxa8 Rxa8 31. Rxb4 Kf7 32. f4 h6 33. Rb8 g5 34. b4 1-0

[Event "AUTO-ELITE-1853"]
[Site "http://www.queenalice.com/game.php?id=1487178"]
[Date "2017.7.24"]
[Round "1"]
[White "Lamorteoscura77"]
[Black "hatu"]
[Result "0-1"]
[WhiteElo "2173"]
[BlackElo "2257"]

1. e4 c5 2. Nf3 d6 3. Bb5+ Bd7 4. Bxd7+ Qxd7 5. O-O Nc6 6. d4 cxd4 7. Nxd4 Nf6
8. f3 g6 9. c4 Bg7 10. Be3 O-O 11. Nc3 Rac8 12. Rc1 Nxd4 13. Qxd4 Ng4 14. Qd3
Ne5 15. Qe2 Nxc4 16. Bf2 Rc6 17. b3 Ne5 18. Nd5 Rfc8 19. Rxc6 bxc6 20. Nf4 Qb7
21. Rd1 c5 22. Nd5 Nc6 23. f4 e6 24. Ne3 Nd4 25. Qd3 d5 26. exd5 exd5 27. f5 Re8
28. fxg6 hxg6 29. Ng4 Ne2+ 30. Kf1 Nc3 31. Re1 Rxe1+ 32. Bxe1 Nxa2 33. Qc2 Qa6+
34. Kg1 Qe6 35. Bg3 Qxg4 36. Be1 Bd4+ 37. Bf2 Bxf2+ 38. Kxf2 Qf4+ 39. Ke2 Qxh2
40. Qxc5 Qxg2+ 41. Kd3 Qe4+ 42. Kd2 d4 43. Qxa7 Qe3+ 44. Kd1 Nc3+ 0-1

[Event "AUTO-ELITE-1810"]
[Site "http://www.queenalice.com/game.php?id=1491495"]
[Date "2017.8.24"]
[Round "2"]
[White "hatu"]
[Black "GEMAN"]
[Result "1-0"]
[WhiteElo "2278"]
[BlackElo "2309"]

1. e4 c5 2. Nf3 d6 3. d4 cxd4 4. Nxd4 Nf6 5. Nc3 a6 6. Bg5 e6 7. f4 Be7 8. Qf3
Qc7 9. O-O-O Nbd7 10. g4 h6 11. Bxf6 Bxf6 12. a4 Qc5 13. Qd3 g5 14. f5 Ne5 15.
Qg3 Qb4 16. Nb3 h5 17. gxh5 Nc6 18. Kb1 Rxh5 19. fxe6 Bxe6 20. Nd5 Bxd5 21. exd5
Be5 22. Qg2 Na5 23. Qd2 Qxd2 24. Nxd2 Rh4 25. c3 Rf4 26. Re1 Kd7 27. Bd3 Rg8 28.
Ref1 Ke7 29. Rxf4 Bxf4 30. Ne4 Nb3 31. Re1 Kd8 32. Kc2 Nc5 33. Nxc5 dxc5 34. h3
Kd7 35. c4 b6 36. a5 bxa5 37. Ra1 Bc7 38. Rf1 Rf8 39. Bg6 f6 40. Bf5+ Ke7 41.
Rf3 Rb8 42. Rb3 Rb4 43. Bd3 Kd6 44. Rxb4 axb4 45. Kd2 Ke5 46. Bg6 f5 47. Ke3 f4+
48. Kd3 f3 49. Ke3 f2 50. Bd3 b3 51. Kxf2 1-0

[Event "AUTO-ELITE-1810"]
[Site "http://www.queenalice.com/game.php?id=1491496"]
[Date "2017.8.24"]
[Round "2"]
[White "GEMAN"]
[Black "hatu"]
[Result "0-1"]
[WhiteElo "2323"]
[BlackElo "2264"]

1. e4 c5 2. Nf3 d6 3. d4 cxd4 4. Nxd4 Nf6 5. Nc3 a6 6. Bg5 e6 7. f4 Be7 8. Qf3
Qc7 9. O-O-O Nbd7 10. g4 b5 11. a3 Rb8 12. Bh4 Nc5 13. Bxf6 gxf6 14. Be2 b4 15.
axb4 Rxb4 16. b3 Bb7 17. Bc4 Qa5 18. Kb2 e5 19. fxe5 dxe5 20. Nf5 Rxc4 21. bxc4
Qb4+ 22. Ka2 Qxc4+ 23. Ka1 Nxe4 24. Na2 Nc5 25. Qc3 Qxc3+ 26. Nxc3 Bxh1 27. Rxh1
Bd8 28. Rd1 Ne6 29. Nd4 Nxd4 30. Kb2 h5 31. gxh5 Rxh5 32. Rd2 f5 33. Nd5 Nf3 34.
Rf2 Nxh2 35. c4 f4 36. Kc2 f3 37. Kd3 f5 38. Kc3 Bh4 39. Rb2 Be1+ 40. Kb3 Rh3
41. Ka2 f2 42. Rxf2 Bxf2 43. Nf6+ Ke7 44. Nd5+ Kd6 45. Nf6 e4 46. Nd5 e3 47. Nf4
Rh4 48. Kb3 Rxf4 49. Kb4 e2 0-1

[Event "AUTO-ELITE-1810"]
[Site "http://www.queenalice.com/game.php?id=1491497"]
[Date "2017.8.24"]
[Round "2"]
[White "hatu"]
[Black "FabioDavid"]
[Result "0-1"]
[WhiteElo "2266"]
[BlackElo "2550"]

1. e4 e5 2. Nf3 Nc6 3. Bc4 Bc5 4. O-O Nf6 5. d3 h6 6. c3 d6 7. a4 a6 8. Re1 O-O
9. h3 Re8 10. Nbd2 Be6 11. Bxe6 Rxe6 12. b4 Ba7 13. Qc2 Qd7 14. Nf1 Ne7 15. Ng3
d5 16. Qb3 dxe4 17. dxe4 Rd8 18. Ra2 Qc8 19. b5 a5 20. Nf5 Nxf5 21. exf5 Re7 22.
Ba3 Ree8 23. Nxe5 Rd5 24. Rae2 Qxf5 25. Nf3 Rxe2 26. Rxe2 Qd3 27. Rd2 Qe4 28.
Rd1 Rxd1+ 29. Qxd1 Nd5 30. Qd2 Kh7 31. Bc1 Bb6 32. h4 Nf6 33. Qd1 Qb1 34. Nd4
Ne4 35. Qe1 Qd3 36. Bb2 Nc5 37. Qa1 Nxa4 38. Qxa4 Qb1+ 39. Kh2 Qxb2 40. Nf3 Qxc3
41. Qe4+ g6 42. Qf4 Qb3 43. h5 Qe6 44. hxg6+ fxg6 45. Kg1 Kg7 46. Qa4 Qf5 47.
Qa3 Qf6 48. Qb3 h5 49. Qd1 g5 50. Qd7+ Kh6 51. Kf1 a4 52. Qd2 a3 53. Qa2 g4 54.
Ne1 Qf5 55. Qd2+ Kg7 56. Qc3+ Kh7 57. Qc2 Qxc2 58. Nxc2 a2 59. g3 Bd4 60. Ke1
a1=Q+ 61. Nxa1 Bxa1 62. Ke2 Kg6 63. Ke3 Kf5 64. Kd3 Be5 65. Ke3 Bd6 66. Ke2 Ke4
67. Kd2 Kf3 68. Ke1 Bc5 0-1

[Event "AUTO-ELITE-1810"]
[Site "http://www.queenalice.com/game.php?id=1491498"]
[Date "2017.8.24"]
[Round "2"]
[White "FabioDavid"]
[Black "hatu"]
[Result "1-0"]
[WhiteElo "2516"]
[BlackElo "2252"]

1. b3 e5 2. Bb2 Nc6 3. e3 Nf6 4. Bb5 Bd6 5. Na3 e4 6. Nc4 Be7 7. Bxc6 bxc6 8.
Ne2 O-O 9. O-O a5 10. a4 c5 11. Ng3 d5 12. Ne5 Bd6 13. f4 Ra6 14. h3 Ne8 15. Qh5
Nf6 16. Qd1 Ne8 17. Qh5 Nf6 18. Qd1 c6 19. d3 exd3 20. Qxd3 Re8 21. Rfe1 Qb6 22.
Nc4 dxc4 23. Qxd6 Rd8 24. Qe5 Re8 25. Qd6 Ra7 26. f5 Rd8 27. Qf4 cxb3 28. Bxf6
gxf6 29. Qh6 c4 30. Nh5 1-0

[Event "AUTO-ELITE-1853"]
[Site "http://www.queenalice.com/game.php?id=1518461"]
[Date "2018.3.5"]
[Round "2"]
[White "etuz"]
[Black "hatu"]
[Result "0-1"]
[WhiteElo "2241"]
[BlackElo "2297"]

1. e4 c5 2. Nf3 d6 3. d4 cxd4 4. Nxd4 Nf6 5. Nc3 a6 6. Bg5 e6 7. f4 Be7 8. Qf3
Qc7 9. O-O-O Nbd7 10. g4 h6 11. Bxf6 Bxf6 12. h4 Qb6 13. Nde2 Nc5 14. g5 Be7 15.
g6 O-O 16. gxf7+ Rxf7 17. Qh5 Bd7 18. Rg1 Rc8 19. Qg6 Bxh4 20. Kb1 Bf6 21. Bh3
Re8 22. e5 dxe5 23. fxe5 Bxe5 24. b3 Bc6 25. Qxh6 Rf3 26. Qh5 Bf6 27. Bg4 Rxc3
28. Rh1 Kf8 29. Nxc3 Bxh1 30. Bh3 Qb4 31. Ne2 Be4 32. Ng3 Bxc2+ 33. Kc1 Bxb3 34.
Qh8+ Ke7 35. Qxe8+ Kxe8 36. axb3 Qc3+ 37. Kb1 Qb2# 0-1

[Event "AUTO-ELITE-1853"]
[Site "http://www.queenalice.com/game.php?id=1518462"]
[Date "2018.3.5"]
[Round "2"]
[White "hatu"]
[Black "etuz"]
[Result "1-0"]
[WhiteElo "2286"]
[BlackElo "2252"]

1. e4 e5 2. Nf3 d6 3. d4 exd4 4. Nxd4 Nf6 5. Nc3 Be7 6. Be2 O-O 7. O-O Re8 8. f4
Bf8 9. Bf3 c5 10. Nb3 Nc6 11. Re1 a5 12. a4 Bd7 13. Nb5 Be6 14. h3 g6 15. Rb1
Bxb3 16. cxb3 Nb4 17. Bd2 Nd3 18. Bxa5 Qxa5 19. Qxd3 Qb6 20. Kh2 Bh6 21. g3 Bf8
22. Rbd1 Red8 23. Re2 Qc6 24. e5 Qd7 25. exf6 Rdb8 26. Re5 dxe5 27. Qxd7 exf4
28. Bd5 Bh6 29. Qxf7+ Kh8 30. Nd6 fxg3+ 31. Kg2 1-0

[Event "AUTO-ELITE-1853"]
[Site "http://www.queenalice.com/game.php?id=1518465"]
[Date "2018.3.5"]
[Round "2"]
[White "hatu"]
[Black "ringup478689"]
[Result "0-1"]
[WhiteElo "2291"]
[BlackElo "2604"]

1. e4 c5 2. Nf3 Nc6 3. Nc3 g6 4. Bb5 Bg7 5. O-O e5 6. d3 Nge7 7. Bc4 O-O 8. Be3
d6 9. a4 h6 10. h3 Kh7 11. Re1 f5 12. Bd2 f4 13. Rf1 Nd4 14. Nd5 Nxf3+ 15. Qxf3
Nc6 16. c3 Bd7 17. Bb3 Rc8 18. Rfe1 Qh4 19. a5 h5 20. Bd1 Nd8 21. Ba4 Be6 22.
Ra3 Bh6 23. a6 b5 24. Bxb5 Nf7 25. d4 Ng5 26. Qd1 f3 27. Bxg5 Qxg5 28. g3 h4 29.
g4 Bxg4 30. Kh2 Bxh3 31. Rg1 Bg2 32. Ra2 Qf4+ 0-1

[Event "AUTO-ELITE-1853"]
[Site "http://www.queenalice.com/game.php?id=1518466"]
[Date "2018.3.5"]
[Round "2"]
[White "ringup478689"]
[Black "hatu"]
[Result "1-0"]
[WhiteElo "2609"]
[BlackElo "2288"]

1. e4 c5 2. Nf3 d6 3. d4 cxd4 4. Nxd4 Nf6 5. Nc3 a6 6. g3 e5 7. Nde2 Be7 8. Bg2
O-O 9. a4 Nc6 10. O-O Nb4 11. b3 Be6 12. Ba3 a5 13. Nb5 Qd7 14. c3 Nc6 15. c4
Rfd8 16. Nec3 Na7 17. f4 exf4 18. gxf4 Bh3 19. Nxa7 Rxa7 20. Ra2 Bg4 21. Qd3 Qc8
22. h3 Bh5 23. Qg3 Rd7 24. Rd2 Kh8 25. Bb2 Ne8 26. Nd5 Bd8 27. Bd4 Ra6 28. h4 f5
29. Bh3 fxe4 30. Rg2 Ra8 31. Ne7 Rxe7 32. Bxc8 Rxc8 33. Qg5 Bf7 34. Bxg7+ Kg8
35. Bf6+ Bg6 36. Bxe7 Bxe7 37. Qxe7 Ng7 38. f5 1-0

[Event "AUTO-ELITE-2009"]
[Site "http://www.queenalice.com/game.php?id=1535636"]
[Date "2018.7.21"]
[Round "1"]
[White "nnetto"]
[Black "hatu"]
[Result "1-0"]
[WhiteElo "2316"]
[BlackElo "2301"]

1. e4 c5 2. Nc3 Nc6 3. Nf3 Nf6 4. d4 cxd4 5. Nxd4 d6 6. Bb5 Bd7 7. O-O g6 8. Be3
Nxd4 9. Bxd4 Bg7 10. Qd3 O-O 11. Rfd1 Be6 12. a3 a6 13. Bc4 Rc8 14. Bxe6 fxe6
15. Qh3 Qd7 16. Qh4 Rc4 17. b3 Rc6 18. e5 Nh5 19. Qe4 Qc8 20. Ne2 Rxc2 21. Rac1
Rxc1 22. Rxc1 Qd7 23. Qe3 dxe5 24. Bxe5 Bxe5 25. Qxe5 Qd6 26. Qe3 Nf6 27. h3 Nd5
28. Qe4 e5 29. b4 e6 30. Rc5 Rf7 31. Nc1 Rf8 32. Nd3 Nf6 33. Qe3 e4 34. Nb2 b5
35. Rc1 Kg7 36. Rd1 Qb8 37. Rc1 Rc8 38. Rxc8 Qxc8 39. Nd1 Kg8 40. Qf4 Kf7 41. g4
Kg7 42. Ne3 Qd8 43. g5 Nd5 44. Qe5+ Kf7 45. Ng4 Qc8 46. Kg2 Qc1 47. Nh6+ Ke7 48.
Ng8+ Kf7 49. Nh6+ Ke7 50. Qg7+ Ke8 51. Qh8+ Kd7 52. Qxh7+ Kc6 53. Ng4 Qxg5 54.
Qf7 Qf5 55. Qa7 Nc7 56. Qd4 Qf3+ 57. Kh2 Kb7 58. Nf6 e3 59. fxe3 Qf2+ 60. Kh1
Qg3 61. Qe4+ Kc8 62. h4 Kd8 63. Nh7 Nd5 64. Ng5 Qe1+ 65. Kg2 Qe2+ 66. Kg3 Qe1+
67. Kf3 Qf1+ 68. Kg3 Qg1+ 69. Kf3 Qd1+ 70. Kf2 Qd2+ 71. Kf3 Qd1+ 72. Kf2 Qd2+
73. Kf3 Nc3 74. Qa8+ Kd7 75. Qb7+ Kd8 76. Nxe6+ Ke8 77. Qc6+ Ke7 78. Nd4 Qd3 79.
Qe6+ Kf8 80. Kg3 Ne4+ 81. Kf4 Nc3 82. Kg5 Qc4 83. Kxg6 Qxe6+ 84. Nxe6+ Kg8 85.
Nf4 Kh8 86. h5 Ne4 87. h6 Nd6 88. h7 Nf7 89. Nd3 Ng5 90. Kxg5 Kxh7 91. Kf6 Kg8
92. e4 Kh8 93. Ne5 Kh7 94. Nf7 Kg8 95. e5 a5 96. bxa5 Kf8 97. e6 Ke8 98. a6 Kf8
99. a7 Ke8 100. a8=Q# 1-0

[Event "AUTO-ELITE-2009"]
[Site "http://www.queenalice.com/game.php?id=1535637"]
[Date "2018.7.21"]
[Round "1"]
[White "hatu"]
[Black "nnetto"]
[Result "1-0"]
[WhiteElo "2307"]
[BlackElo "2303"]

1. e4 e6 2. Nc3 Nc6 3. d4 Bb4 4. a3 Bxc3+ 5. bxc3 Nf6 6. Bd3 O-O 7. e5 Nd5 8. c4
Nde7 9. Nf3 b6 10. Bxh7+ Kxh7 11. Ng5+ Kg6 12. h4 Qe8 13. Qg4 Nf5 14. h5+ Kh6
15. Nxe6+ Kh7 16. Qxf5+ Kg8 17. Ng5 g6 18. hxg6 Nxe5 19. Rh8+ Kxh8 20. g7+ Kxg7
21. Qh7+ Kf6 22. Ne4+ Ke6 23. d5+ Ke7 24. Bg5# 1-0

[Event "AUTO-ELITE-2009"]
[Site "http://www.queenalice.com/game.php?id=1535640"]
[Date "2018.7.21"]
[Round "1"]
[White "eget"]
[Black "hatu"]
[Result "1-0"]
[WhiteElo "2433"]
[BlackElo "2309"]

1. e4 c6 2. Nc3 d5 3. Nf3 dxe4 4. Nxe4 Nf6 5. Nxf6+ gxf6 6. d4 Bg4 7. Be2 Qc7 8.
O-O Nd7 9. Bd3 c5 10. dxc5 O-O-O 11. h3 Bh5 12. Qe2 Nxc5 13. Be3 e6 14. a4 Bd6
15. Rfd1 Kb8 16. Bb5 Rhg8 17. a5 a6 18. Bc4 f5 19. Kf1 Rg6 20. Rd4 f4 21. b4 Nd7
22. Bxf4 Bxf4 23. g4 e5 24. gxh5 Rc6 25. Rxf4 exf4 26. Bd3 Rh6 27. h4 Nf6 28. b5
Rxh5 29. bxa6 Ng4 30. Rb1 Rxd3 31. Qxd3 Rxh4 32. Nxh4 b6 33. axb6 f5 34. bxc7+
Kxc7 35. Rb7+ Kc6 36. Qb5+ Kd6 37. Rd7+ Ke6 38. Qxf5# 1-0

[Event "AUTO-ELITE-2009"]
[Site "http://www.queenalice.com/game.php?id=1535641"]
[Date "2018.7.21"]
[Round "1"]
[White "hatu"]
[Black "eget"]
[Result "0-1"]
[WhiteElo "2319"]
[BlackElo "2387"]

1. e4 e6 2. d4 a5 3. Nf3 Nf6 4. Nc3 Bb4 5. Bd3 c5 6. O-O cxd4 7. Nxd4 Bxc3 8.
bxc3 d6 9. Ba3 O-O 10. Nb5 Ra6 11. f4 e5 12. fxe5 dxe5 13. Bxf8 Qxf8 14. Qd2
Nbd7 15. Nd4 Rb6 16. Nf5 Nc5 17. Qe3 Bxf5 18. Rxf5 Qe7 19. Bc4 Rb2 20. Qc1 Rb6
21. Qe3 Rb2 22. Rd1 Rxc2 23. Rxe5 Ne6 24. Rxa5 Ne8 25. Bb3 Rb2 26. Rb5 Kf8 27.
Rb4 f6 28. e5 Nc5 29. Qxc5 Qxc5+ 30. Kf1 Qf2# 0-1

[Event "AUTO-ELITE-2242"]
[Site "http://www.queenalice.com/game.php?id=1616456"]
[Date "2020.6.13"]
[Round "1"]
[White "hatu"]
[Black "chizo"]
[Result "1-0"]
[WhiteElo "2267"]
[BlackElo "2297"]

1. e4 e5 2. Nc3 d6 3. Nf3 Nf6 4. d4 Nbd7 5. Bc4 Be7 6. Ng5 O-O 7. Bxf7+ Rxf7 8.
Ne6 Qe8 9. Nxc7 Qd8 10. Nxa8 b5 11. dxe5 Nxe5 12. Qe2 Be6 13. Bg5 Bc4 14. Qd2 b4
15. Nd5 Nxd5 16. Bxe7 Nxe7 17. O-O-O N5c6 18. Qxd6 Qxa8 19. Qc5 Bxa2 20. b3 a5
21. Rd3 a4 22. bxa4 Qxa4 23. Kb2 Ng6 24. Rg3 Ra7 25. Rf3 Bf7 26. Rb1 Nge5 27.
Kc1 Nxf3 28. gxf3 Rd7 29. Qb6 Qa3+ 30. Rb2 Qa1+ 31. Rb1 Qa3+ 32. Rb2 Nd4 33.
Qb8+ Be8 34. Qxe8# 1-0

[Event "AUTO-ELITE-2242"]
[Site "http://www.queenalice.com/game.php?id=1616457"]
[Date "2020.6.13"]
[Round "1"]
[White "chizo"]
[Black "hatu"]
[Result "1/2-1/2"]
[WhiteElo "2279"]
[BlackElo "2275"]

1. e4 c5 2. Nf3 e6 3. d3 d5 4. Nbd2 Nc6 5. Qe2 Nb4 6. Qd1 Nc6 7. Be2 Nf6 8. O-O
Be7 9. exd5 exd5 10. d4 O-O 11. dxc5 Bxc5 12. c3 Ne4 13. Nxe4 dxe4 14. Qxd8 Rxd8
15. Ng5 Bf5 16. g4 Bg6 17. h4 h5 18. gxh5 Bf5 19. Bf4 Bd6 20. Bxd6 Rxd6 21. Rad1
Rad8 22. Rxd6 Rxd6 23. Rd1 Rxd1+ 24. Bxd1 Na5 25. b4 Nc4 26. Bb3 b5 27. a4 Kf8
28. axb5 Nd6 29. Kg2 f6 30. Ne6+ Bxe6 31. Bxe6 Nxb5 32. c4 Nd4 33. Bd5 f5 34. c5
Ne2 35. Kf1 Nf4 36. Bb7 Ke7 37. Bc8 Kf6 38. b5 Nd5 39. f4 Ke7 40. Ke1 Kf6 41.
Kd2 e3+ 42. Kd3 Nxf4+ 43. Kxe3 Ke5 44. Bb7 Nxh5 45. b6 axb6 46. cxb6 Nf6 47. Bg2
Nd7 48. b7 Nb8 49. Kd3 Nd7 50. Bc6 Nc5+ 51. Ke3 f4+ 52. Kf2 Nxb7 53. Bxb7 Kf6
54. h5 Kg5 55. Bf3 g6 56. hxg6 Kxg6 57. Be4+ Kg5 58. Bf3 Kg6 59. Be4+ Kg5 60.
Bf3 Kg6 61. Be4+ Kg5 62. Bf3 Kg6 63. Be4+ 1/2-1/2

[Event "AUTO-ELITE-2242"]
[Site "http://www.queenalice.com/game.php?id=1616458"]
[Date "2020.6.13"]
[Round "1"]
[White "hatu"]
[Black "preggo"]
[Result "0-1"]
[WhiteElo "2272"]
[BlackElo "2516"]

1. e4 c5 2. Nf3 Nc6 3. c3 d5 4. exd5 Qxd5 5. d4 cxd4 6. cxd4 e6 7. Nc3 Bb4 8. a3
Bxc3+ 9. bxc3 Nf6 10. Be2 Qa5 11. Bd2 O-O 12. O-O e5 13. c4 Qc7 14. d5 Ne4 15.
dxc6 bxc6 16. Bd3 Nxd2 17. Qxd2 f5 18. c5 Be6 19. Qc3 e4 20. Nd4 Bd5 21. Bc4 Qf7
22. Rac1 Rac8 23. Rfd1 Bxc4 24. Nxc6 Rxc6 25. Qxc4 Qxc4 26. Rd7 Qxc1+ 27. Rd1
Qxd1# 0-1

[Event "AUTO-ELITE-2242"]
[Site "http://www.queenalice.com/game.php?id=1616459"]
[Date "2020.6.13"]
[Round "1"]
[White "preggo"]
[Black "hatu"]
[Result "1-0"]
[WhiteElo "2523"]
[BlackElo "2280"]

1. e4 d5 2. exd5 Nf6 3. Bb5+ Bd7 4. Bc4 Bg4 5. f3 Bf5 6. Nc3 Nbd7 7. Qe2 Nb6 8.
Bb3 Qd7 9. d6 cxd6 10. a4 Qc8 11. d4 Nbd7 12. g4 Bg6 13. Nh3 Nb8 14. Nf4 Nc6 15.
Be3 e5 16. Nxg6 hxg6 17. d5 Nb8 18. O-O-O Be7 19. Rhg1 Kf8 20. f4 Rh3 21. fxe5
Nxg4 22. Rxg4 Rxe3 23. Qxe3 Qxg4 24. Ne4 Nd7 25. exd6 Bd8 26. Re1 Nc5 27. Qxc5
Kg8 28. Qb5 Qh4 29. Ng3 Bg5+ 30. Kb1 a6 31. Qxb7 Rd8 32. d7 Bd2 33. Re8+ Rxe8
34. dxe8=Q+ Kh7 35. Qbb8 Kh6 36. Qbd8 Qxh2 37. Qh8# 1-0